Induksi Modul Umum Untuk Kumpulan Pengurusan & Professional Gred41, Kumpulan Sokongan Gred27 dan yang setaraf dengannya : 12 - 30 Julai 2005

Bibliographic Details
Corporate Author: Institut Penilaian Negara
Format: Book
Published: Bangi : Institut Penilaian Negara , 2005
Subjects:
Online Access:http://app.inspen.gov.my:7779/pls/portal/docs/PAGE/CORPORATEPAGES/PORTAL_INSPEN/NOTA_KURSUS/AVO/INDUKSI%20MODUL%20UMUM%20UNTUK%20GRED%2041%2C%20GRED%2027%20%26%20YANG%20SETARAF%20DENGANNYA.PDF

MARC

LEADER 00000cam a2200000 7i4500
001 0000017083
005 20071204.0
040 |a INS 
090 0 0 |a AVO73 
110 2 |a Institut Penilaian Negara 
245 1 0 |a Induksi Modul Umum Untuk Kumpulan Pengurusan & Professional Gred41, Kumpulan Sokongan Gred27 dan yang setaraf dengannya :   |b 12 - 30 Julai 2005   |c Institut Penilaian Negara (INSPEN),No 5 Persiaran Institusi Bangi,43000 Kajang 
260 |a Bangi :   |b Institut Penilaian Negara ,   |c 2005 
300 |a 500ms. :   |b ill ;   |c 29cm. 
650 0 0 |a Civil services   |x Officials and employees   |x Training of 
650 0 0 |a Employees   |x Training of   |z Malaysia 
856 |u http://app.inspen.gov.my:7779/pls/portal/docs/PAGE/CORPORATEPAGES/PORTAL_INSPEN/NOTA_KURSUS/AVO/INDUKSI%20MODUL%20UMUM%20UNTUK%20GRED%2041%2C%20GRED%2027%20%26%20YANG%20SETARAF%20DENGANNYA.PDF 
999 |a AVO0000106   |b BOOK   |c Course Notes   |e Default branch 
999 |a AVO0000107   |b BOOK   |c Course Notes   |e Default branch